Science Quiz

Random Science or Clickable Quiz

Electricity past Quiz Stats

 Plays Quiz not verified by Sporcle

Challenge
Share
Tweet
Embed
Score 0/7 Timer 10:00
0 Plays Today
% Correct
Edison
97.4%
Static and Current
97.4%
Loosley
92.1%
It is so loosely bound that it is not attached to the nucleus
89.5%
Tightly
84.2%
Electrons
84.2%
Electrons in atoms
71.1%

You're not logged in!

Compare scores with friends on all Sporcle quizzes.
Join for Free
OR
Log In

You Might Also Like...

Show Comments

Extras

Top Quizzes Today


Score Distribution

Your Account Isn't Verified!

In order to create a playlist on Sporcle, you need to verify the email address you used during registration. Go to your Sporcle Settings to finish the process.

Report this User

Report this user for behavior that violates our Community Guidelines.

Details: